00847 2200181 4500245006300000020002200063250001100085100001600096700001800112650002900130005001900159260004200178041001400220084001100234300003000245500038100275336000900656 aMohammad Hatta b : Hati Nurani BangsacDeliar NoerhText a978-979-709-633-5 aCet. 1 aDeliar Noer aJaap Erkelens aBiografi Tokoh Laki-laki a20230927135833 aJakartabKompas Media Nusantarac2012 aIndonesia a920.71 axviii, 182 hlm. :c21 cm. aBuku yang menyajikan gambaran singkat perjalanan hidup Wakil Presiden RI bernama Mohammad Hatta. Dr. Deliar Noer, penulisnya, menguraikannya dari berbagai sisi: kedudukannya dalam keluarga di Sumatera Barat, hubungannya dengan berbagai kalangan saat belajar di negeri Belanda (1921-1932), hingga perjuangannya di dalam dan di luar negeri untuk menggapai kemerdekaan Indonesia. atext